Pembuli Ditegur Hantu

Bibliographic Details
Main Author: Syed Mahadzir
Format: Book
Published: Selangor : Cooray's House Of Publication Sdn Bhd , (s.n)
Series:Siri Hentikan Buli

MARC

LEADER 00000cam a2200000 7i4500
001 0000051757
005 20150908.0
008 150908
020 |a 9832852811(set) 
020 |a 9833704093 
090 0 0 |a MOR   |b MAL 
100 0 |a Syed Mahadzir 
245 1 0 |a Pembuli Ditegur Hantu   |c Syed Mahadzir 
260 |a Selangor :   |b Cooray's House Of Publication Sdn Bhd ,   |c (s.n) 
490 0 |a Siri Hentikan Buli 
999 |a 0001042848   |b Book   |c Children Collection   |e Cawangan Taman Universiti 
999 |a 0001049948   |b Book   |c Children Collection   |e Cawangan Taman Universiti 
999 |a 0001049949   |b Book   |c Children Collection   |e Cawangan Pontian 
999 |a 0001049950   |b Book   |c Children Collection   |e Cawangan Taman Sri Lambak 
999 |a 0001052056   |b Book   |c Children Collection   |e Cawangan Mersing 
999 |a 0001052057   |b Book   |c Children Collection   |e Cawangan Taman Universiti 
999 |a 0001052058   |b Book   |c Children Collection   |e Cawangan Kota Tinggi 
999 |a 0001075509   |b Book   |c Children Collection   |e Cawangan Bukit Gambir 
999 |a 0001075520   |b Book   |c Children Collection   |e Cawangan Tangkak 
999 |a 0001075556   |b Book   |c Children Collection   |e Cawangan Pontian 
999 |a 0001130612   |b Book   |c Teenagers   |e Cawangan Bandar Tenggara 
999 |a 0001138622   |b Book   |c Children Collection   |e Cawangan Taman Universiti 
999 |a 0001138783   |b Book   |c Children Collection   |e Cawangan Bandar Penawar